000 00246nam a2200097Ia 4500
001 736402
005 20250826163911.0
008 250824s9999 xx 000 0 und d
245 0 _aYEDİKIRIN KUŞLARI
_cKORAY AVCI ÇAKMAN
260 _bTUDEM YAYINLARI
999 _c736402
_d736402